| 000 | 00654nas a2200229 4500 | ||
|---|---|---|---|
| 001 | BR9211498 | ||
| 003 | BR-BrBNA | ||
| 005 | 20231205093502.0 | ||
| 007 | ta | ||
| 008 | 230509b bl.|||p| |||| 00| 00por d | ||
| 040 |
_aBR-BrBNA _bpor _cBiblioteca Nacional de Agricultura |
||
| 041 | _a(Pt) | ||
| 072 | _aK50 | ||
| 100 | 1 | _aAnon. | |
| 245 | 1 | _aFixacao de ferramentas em maquinas para madeira | |
| 650 | _aINDUSTRIA FLORESTAL | ||
| 650 | _aMADEIRA | ||
| 650 | _aFERRAMENTA | ||
| 773 | 0 |
_tRevista da Madeira (Brazil) _xISSN 0034-7582 _g(Aug 1984), v. 33(392) p. 10-12 _wBR9211498 |
|
| 909 |
_a202311 _bLúcia _c55 _dLúcia Elande |
||
| 942 |
_2AGRIS _n0 _cANA |
||
| 999 |
_c138707 _d138707 |
||